Prophet Muhammad as a Military Leader and Commander (Record no. 195247)

000 -LEADER
fixed length control field 00831 a2200181 4500
003 - CONTROL NUMBER IDENTIFIER
control field Nust
005 - DATE AND TIME OF LATEST TRANSACTION
control field 20230131103106.0
022 ## - INTERNATIONAL STANDARD SERIAL NUMBER
International Standard Serial Number 9757388467
040 ## - CATALOGING SOURCE
Transcribing agency Nust
082 ## - DEWEY DECIMAL CLASSIFICATION NUMBER
Classification number 297.63, RAH
100 ## - MAIN ENTRY--PERSONAL NAME
Personal name Rahman, Afzallur
9 (RLIN) 108159
245 ## - TITLE STATEMENT
Title Prophet Muhammad as a Military Leader and Commander
Statement of responsibility, etc. Afzallur Rahman,
260 ## - PUBLICATION, DISTRIBUTION, ETC.
Place of publication, distribution, etc. Islmabad
Name of publisher, distributor, etc. PN Book Club
Date of publication, distribution, etc. 1998
300 ## - PHYSICAL DESCRIPTION
Extent 330 p
505 ## - FORMATTED CONTENTS NOTE
Formatted contents note The Prophet of Universal Mercy (Page-1), War in Islam (Page-18), Early Military Expeditions and the Battle of Badr (Page-39), The Battle of Uhud (Page-58), The Battle of the Trench (Page-74), The Conquest of Makka and its Aftermath (Page-82), Evaluation of the Prophet Military Achievements (Page-92), The Prophet Muhammad as Universal Leader (Page-100).
650 ## - SUBJECT ADDED ENTRY--TOPICAL TERM
Topical term or geographic name entry element Prophet Muhammad as Commander
9 (RLIN) 108160
942 ## - ADDED ENTRY ELEMENTS (KOHA)
Source of classification or shelving scheme
Koha item type Book
Holdings
Withdrawn status Lost status Source of classification or shelving scheme Damaged status Not for loan Permanent Location Current Location Shelving location Date acquired Total Checkouts Full call number Barcode Date last seen Date last checked out Price effective from Koha item type Public note
          Military College of Signals (MCS) Military College of Signals (MCS) General Stacks 12/12/2016 1 297.63,RAH MCS1326 08/07/2023 07/17/2023 12/12/2016 Book Almirah No.47, Shelf No.5
© 2023 Central Library, National University of Sciences and Technology. All Rights Reserved.